| 000 | 00433nam a22001697a 4500 | ||
|---|---|---|---|
| 003 | CEME | ||
| 005 | 20210628210710.0 | ||
| 008 | 210211b xxu||||| |||| 00| 0 eng d | ||
| 020 | _a81-7635-221-7 | ||
| 040 | _c. | ||
| 082 | _a005.133-VB BRY | ||
| 100 |
_aSharkey, Kent Bryant, Lyle _980604 |
||
| 245 | _aVisual basic 6 exam 70-176 | ||
| 260 |
_aNEW DELHI _bTECHMEDIA _c1999 |
||
| 650 |
_aVISUAL BASIC 6 _956474 |
||
| 942 |
_cBK _2ddc |
||
| 999 |
_c585503 _d585503 |
||